| 000 | 01102nam a2200265Ia 4500 | ||
|---|---|---|---|
| 003 | OSt | ||
| 005 | 20221002050104.0 | ||
| 006 | a|||||r|||| 00| 0 | ||
| 007 | ta | ||
| 008 | 220930b |||||||| |||| 00| 0 hin d | ||
| 020 |
_a9788183306089 (hbk (Set)) _cINR 9000.00 |
||
| 024 | _a36540 | ||
| 037 |
_b2415, 14/03/2018, Kiran Book Service _cReference Collections |
||
| 040 |
_aCRL _cCRL _bhin |
||
| 041 |
_2hin _ahin |
||
| 082 | _a4k, 152Q7.1-.10(RR) | ||
| 100 | _aमौर्य, राम प्रसाद | ||
| 245 | 0 |
_aमीडिया विश्वकोश मीडिया स्ंिटग _b सिद्धांत एवं व्यवहार |
|
| 260 |
_aनई _bदिल्ली अर्जुन पब्लिशिंग भारत भारत _c2017 |
||
| 490 | _vभाग 1 | ||
| 650 | _a पत्रकारिता | ||
| 650 | _aविश्वकोश | ||
| 942 |
_h4k, 152Q7.1-.10(RR) _cref _2CC |
||
| 999 |
_c913833 _d913833 |
||